BIBLIOTHÈQUE DE LA MAISON DU MEXIQUE

Logo 1 Logo 2

Dos ensayos en torno al derecho social en Mesoamérica (notice nᵒ 5876)

détails MARC
000 -Sello discográfico
campo de control de longitud fija 01372nam0a2200349 4500
005 - Identificación de versión
campo de control 20251103204933.0
010 ## - Número Estándar Internacional de Libros (ISBN)
Número (ISBN) 968-36-8315-0
035 ## - Otros números de control del sistema
Número de control del sistema 15527
099 ## - fechas locales
Tipo de ítem Koha LIBRO
100 ## - Datos de procesamiento general
Datos de procesamiento general 20120802d2000 m y0spay5003 ba
101 ## - Idioma del recurso
Idioma del texto, banda sonora, etc. Español; Castellano
105 ## - Campo de datos codificados: Material textual, monográfico
Datos codificados de monografía y 001zy
200 1# - Título y mención de responsabilidad
Título propio Dos ensayos en torno al derecho social en Mesoamérica
Designación general del material texto impreso
Otra información del título México / Guatemala
Primer mención de responsabilidad José Emilio Rolando Ordóñez Cifuentes
205 ## - Declaración de edición
Declaración de edición 1a ed
210 ## - Publicación, distribución, etc.
Lugar de publicación, distribución, etc. México
Nombre del editor, distribuidor, etc. Universidad Nacional Autónoma de México, Instituto de Investigaciones Jurídicas
Fecha de publicación, distribución, etc. 2000
215 ## - Descripción física
Designación de material específico y extensión del ítem 169 p
Dimensiones 21 cm
320 ## - Nota de índices/bibliografías internas
Texto de la nota Incluye referencias biblográficas
345 ## - Nota de información de adquisición
Fuente de adquisición/dirección de la suscripción [OBSOLETO] Donación
410 #1 - Series
Título Serie de Estudios Jurídicos
Número de volumen 11
606 ## - Término temático usado como materia
Elemento de entrada Movimientos de derechos humanos
Subdivisión geográfica Guatemala
Subdivisión temática Historia
Número Koha 11280
606 ## - Término temático usado como materia
Elemento de entrada Movimientos de derechos humanos
Subdivisión geográfica México
Subdivisión temática Historia
Número Koha 11281
606 ## - Término temático usado como materia
Elemento de entrada Movimientos sociales
Subdivisión geográfica Guatemala
Subdivisión temática Historia
Número Koha 11282
606 ## - Término temático usado como materia
Elemento de entrada Movimientos sociales
Subdivisión geográfica México
Subdivisión temática Historia
Número Koha 11283
607 ## - Nombre geográfico utilizado como tema
Elemento de entrada Guatemala
Subdivisión temática Condiciones sociales
Número Koha 11284
607 ## - Nombre geográfico utilizado como tema
Elemento de entrada México
Subdivisión temática Condiciones sociales
Número Koha 111
700 ## - Nombre personal - Responsabilidad primaria
Elemento de entrada Ordóñez Cifuentes
Parte del nombre distinta del elemento de entrada José Emilio Rolando
Fechas 1944-2010
Número Koha 3751
801 #0 - Fuente de origen
País FR
Agencia cm
Reglas de catalogación (convenciones descriptivas) AFNOR
856 4# - Localización electrónica y acceso
Identificador Uniforme de Recurso http://biblio.juridicas.unam.mx/libros/libro.htm?l=13
942 ## - ELEMENTOS DE ENTRADA SECUNDARIOS (KOHA)
Tipo de ítem Koha Livre
Exemplaires
Estatus retirado Estado de daño Estado de pérdida Fecha de adquisición Biblioteca de origen Biblioteca actual Ubicación en estantería Código de barras Precio de reemplazo Signatura topográfica completa No para préstamo Tipo de ítem Koha Nota pública Nota no pública
      05/08/2025 Casa México Paris Casa México Paris   003307 05/08/2025 309.17 O654D   Livre 20120802LIV 751145101